[Event "Dzhubga Blitz op"]
[Site "Dzhubga"]
[Date "2023.08.13"]
[Round "2"]
[White "Demidov, Mikhail"]
[Black "Charkrubian, Tigran"]
[Result "1-0"]
[WhiteElo "2566"]
[BlackElo "1903"]
[PlyCount "40"]
[EventDate "2023.08.13"]
[EventType "swiss (blitz)"]
[EventRounds "13"]
[EventCountry "RUS"]
[SourceTitle "CBM 215 Extra"]
[Source "ChessBase"]
[SourceDate "2023.09.30"]
[SourceVersion "1"]
[SourceVersionDate "2023.09.30"]
[SourceQuality "1"]

1. Nf3 Nf6 2. g3 g6 3. b3 b6 4. Bg2 Bg7 5. 0-0 0-0 6. Bb2 Bb7 7. c4 c5 8. d4 cxd4 9. Qxd4 d6 10. Rd1 Nbd7 11. Qh4 Qc7 12. Nc3 Rac8 13. Rac1 Qb8 14. Qh3 Rfd8 15. Nd4 Qa8 16. Bxb7 Qxb7 17. Nc2 Nf8 18. Ne3 a6 19. Rc2 Qb8 20. Ncd5 Rc5 1-0

[Event "Dzhubga Blitz op"]
[Site "Dzhubga"]
[Date "2023.08.13"]
[Round "9"]
[White "Ustinov, Alexey"]
[Black "Charkrubian, Tigran"]
[Result "0-1"]
[WhiteElo "2277"]
[BlackElo "1903"]
[PlyCount "55"]
[EventDate "2023.08.13"]
[EventType "swiss (blitz)"]
[EventRounds "13"]
[EventCountry "RUS"]
[SourceTitle "CBM 215 Extra"]
[Source "ChessBase"]
[SourceDate "2023.09.30"]
[SourceVersion "1"]
[SourceVersionDate "2023.09.30"]
[SourceQuality "1"]

1. d4 Nf6 2. Nf3 d5 3. Bf4 g6 4. h3 Bg7 5. e3 0-0 6. Be2 c6 7. Nbd2 Bf5 8. 0-0 Ne4 9. c4 Nxd2 10. Nxd2 dxc4 11. Nxc4 Nd7 12. Qb3 Nb6 13. a4 Be6 14. a5 Nxc4 15. Bxc4 Bxc4 16. Qxc4 Qd7 17. b4 Rfd8 18. Rab1 Qd5 19. Qc5 Rd7 20. Rfc1 a6 21. Qb6 Re8 22. Rc5 Qe4 23. Rbc1 e5 24. dxe5 Bxe5 25. Bxe5 Rxe5 26. Qa7 Red5 27. Rxd5 Qxd5 28. Qb8+ 0-1

[Event "Dzhubga Rapid op"]
[Site "Dzhubga"]
[Date "2023.08.12"]
[Round "9"]
[White "Charkrubian, Tigran"]
[Black "Zakaryan, David"]
[Result "1-0"]
[WhiteElo "1903"]
[BlackElo "2296"]
[PlyCount "139"]
[EventDate "2023.08.10"]
[EventType "swiss (rapid)"]
[EventRounds "11"]
[EventCountry "RUS"]
[SourceTitle "CBM 215 Extra"]
[Source "ChessBase"]
[SourceDate "2023.09.30"]
[SourceVersion "1"]
[SourceVersionDate "2023.09.30"]
[SourceQuality "1"]

1. d4 Nf6 2. Nf3 g6 3. g3 Bg7 4. Bg2 0-0 5. 0-0 d6 6. c4 Na6 7. Nc3 c5 8. dxc5 Nxc5 9. Be3 Be6 10. Nd5 Bxd5 11. cxd5 Qa5 12. Nd4 Rfc8 13. Nb3 Nxb3 14. Qxb3 Qa6 15. Rac1 Ng4 16. Bg5 Bf6 17. Bxf6 Nxf6 18. Bh3 Rxc1 19. Rxc1 Qb6 20. Qxb6 axb6 21. Rc8+ Rxc8 22. Bxc8 Nxd5 23. Bxb7 Nc7 24. Be4 f5 25. Bd3 Kf7 26. e3 Ke6 27. Kf1 Kd5 28. Ke2 e6 29. f3 h6 30. Kd2 g5 31. Kc3 Kc6 32. e4 f4 33. gxf4 gxf4 34. a4 d5 35. b4 Kd6 36. exd5 exd5 37. Bf5 Ke5 38. Bd7 Kd6 39. Bf5 b5 40. a5 Ke5 41. Bc8 d4+ 42. Kd2 Kd6 43. a6 Kc6 44. Kd3 Kb6 45. Kxd4 Ne8 46. Ke5 Nc7 47. h4 Ka7 48. h5 Kb6 49. Bb7 Ne8 50. Kf5 Ng7+ 51. Kg6 Ne6 52. Kxh6 Nd4 53. Kg6 Nc2 54. h6 Nxb4 55. h7 Nd3 56. h8Q Nc5 57. Qd4 b4 58. Qxc5+ Kxc5 59. a7 b3 60. a8Q b2 61. Qa3+ Kd4 62. Qxb2+ Ke3 63. Qe5+ Kf2 64. Qxf4 Kg2 65. Qg4+ Kh2 66. Kf5 Kh1 67. Ke4 Kh2 68. Ke3 Kh1 69. Kf2 Kh2 70. Qg2# 1-0

[Event "Olginka Orbit op"]
[Site "Olginka"]
[Date "2022.08.22"]
[Round "7"]
[White "Irkha, Alexey"]
[Black "Charkrubian, Tigran"]
[Result "1/2-1/2"]
[WhiteElo "2068"]
[BlackElo "1893"]
[PlyCount "135"]
[EventDate "2022.08.16"]
[EventType "swiss"]
[EventRounds "9"]
[EventCountry "RUS"]
[SourceTitle "CBM 209 Extra"]
[Source "ChessBase"]
[SourceDate "2022.09.30"]
[SourceVersion "1"]
[SourceVersionDate "2022.09.30"]
[SourceQuality "1"]

1. d4 Nf6 2. Nf3 d5 3. c4 c6 4. Nc3 g6 5. cxd5 cxd5 6. Bf4 Bg7 7. h3 0-0 8. e3 Bf5 9. Qb3 Qb6 10. Qxb6 axb6 11. Bb5 Bd7 12. Bxb8 Bxb5 13. Bc7 Bc4 14. Bxb6 Nd7 15. Bc7 b5 16. b4 Rfc8 17. Ba5 e5 18. Kd2 e4 19. Ne1 Nb8 20. Nc2 Bf8 21. Rhb1 Bd3 22. Rb2 Nc6 23. Nxd5 Rxa5 24. bxa5 Nxa5 25. Kd1 Nc4 26. Rab1 Nxb2+ 27. Rxb2 Bf1 28. g3 f5 29. h4 Kf7 30. Kd2 Ke6 31. Nc3 Bd3 32. Nb4 Bc4 33. Na6 Ba3 34. Rb1 Bd3 35. Rb3 Bd6 36. Nb4 Bc4 37. Rb2 Ra8 38. Nc2 Ra5 39. Nb4 h6 40. Nc6 Ra6 41. Nb4 Ra8 42. Nc2 Rb8 43. Nb4 g5 44. hxg5 hxg5 45. g4 Rh8 46. d5+ Kf6 47. gxf5 Kxf5 48. Nc6 Ba3 49. Rb1 Rh2 50. Nd4+ Ke5 51. Ncxb5 Rxf2+ 52. Kc3 Bxa2 53. Rg1 Bb2+ 54. Kb4 Bxd4 55. Nxd4 Kxd5 56. Rxg5+ Kd6 57. Nb5+ Ke6 58. Nc3 Bb1 59. Kc4 Bd3+ 60. Kd4 Rb2 61. Nxe4 Bxe4 62. Kxe4 Rb4+ 63. Kf3 Kf6 64. Ra5 Ke6 65. e4 Rb1 66. Ra3 Ke5 67. Ra5+ Ke6 68. Kf2 1/2-1/2

[Event "Gelendzhik op 14th"]
[Site "Gelendzhik"]
[Date "2017.06.02"]
[Round "6"]
[White "Charkrubian, Tigran"]
[Black "Semenov, Viktor"]
[Result "0-1"]
[WhiteElo "1914"]
[BlackElo "1946"]
[PlyCount "106"]
[EventDate "2017.05.28"]
[EventType "swiss"]
[EventRounds "9"]
[EventCountry "RUS"]
[SourceTitle "EXT 2018"]
[Source "ChessBase"]
[SourceDate "2017.10.13"]
[SourceVersion "1"]
[SourceVersionDate "2017.10.13"]
[SourceQuality "1"]

1. d4 Nf6 2. Nf3 c5 3. e3 g6 4. Bd3 Bg7 5. 0-0 0-0 6. c3 d6 7. Nbd2 cxd4 8. exd4 Nc6 9. Ne4 Nxe4 10. Bxe4 e5 11. dxe5 dxe5 12. Qxd8 Rxd8 13. Bg5 f6 14. Be3 Be6 15. h3 Rd7 16. Nd2 f5 17. Bxc6 bxc6 18. Nb3 f4 19. Nc5 fxe3 20. Nxe6 Bh6 21. Rfd1 Rf7 22. f3 e2 23. Rd3 e4 24. fxe4 Re8 25. Nd4 Rxe4 26. Re1 Be3+ 27. Kh2 c5 28. Nf3 Bf2 29. Rc1 e1Q 30. Nxe1 Rxe1 31. Rxe1 Bxe1 32. g3 Rf2+ 33. Kg1 Rxb2 34. Kf1 Rb1 35. Ke2 Rc1 36. Rd5 Bxg3 37. Rxc5 Rc2+ 38. Kf3 Be1 39. Rc8+ Kg7 40. Rc7+ Kh6 41. Rxa7 Rxc3+ 42. Kg2 Rg3+ 43. Kh2 Rg5 44. Re7 Bg3+ 45. Kh1 Ra5 46. Re2 Kg5 47. Kg2 Ra3 48. Rb2 Bf4 49. Rb5+ Kh4 50. Rb2 Rg3+ 51. Kf2 Be3+ 52. Ke1 Rg1+ 53. Ke2 Rg2+ 0-1

[Event "Gelendzhik op 14th"]
[Site "Gelendzhik"]
[Date "2017.05.30"]
[Round "3"]
[White "Abrosimov, Nikolay"]
[Black "Charkrubian, Tigran"]
[Result "0-1"]
[WhiteElo "1691"]
[BlackElo "1914"]
[PlyCount "106"]
[EventDate "2017.05.28"]
[EventType "swiss"]
[EventRounds "9"]
[EventCountry "RUS"]
[SourceTitle "EXT 2018"]
[Source "ChessBase"]
[SourceDate "2017.10.13"]
[SourceVersion "1"]
[SourceVersionDate "2017.10.13"]
[SourceQuality "1"]

1. c4 Nf6 2. Nc3 e6 3. e4 c6 4. e5 Ng8 5. d4 d6 6. Bf4 dxe5 7. dxe5 Qxd1+ 8. Rxd1 Bb4 9. Nge2 Ne7 10. a3 Ba5 11. Bg3 0-0 12. b4 Bc7 13. f4 Nd7 14. Ne4 Nb6 15. N2c3 Nf5 16. Bf2 Bd8 17. Bc5 Re8 18. Be2 Nd7 19. Bf2 f6 20. exf6 Nxf6 21. 0-0 Bc7 22. Nxf6+ gxf6 23. Bh5 Rf8 24. g3 Ng7 25. Bf3 e5 26. Be3 Nf5 27. Bc5 Bb6 28. Rfe1 exf4 29. gxf4 Nh4 30. Be2 Kh8 31. Ne4 Bxc5+ 32. bxc5 Rg8+ 33. Ng3 Bg4 34. Kf2 b6 35. cxb6 axb6 36. Rd6 Rxa3 37. Rxc6 Bxe2 38. Rxe2 Rf3+ 39. Ke1 Ra8 40. Re7 Ng6 41. Rb7 Nxf4 42. Rcxb6 Re8+ 43. Kd2 Rf2+ 44. Kc3 Rf3+ 45. Kb4 Nd3+ 46. Ka5 Re5+ 47. Rb5 Nc5 48. Rb8+ Kg7 49. Rc8 Ra3+ 50. Kb6 Ra6+ 51. Kc7 Re7+ 52. Kd8 Rd7+ 53. Ke8 Re6# 0-1

[Event "Gelendzhik op 13th"]
[Site "Gelendzhik"]
[Date "2017.01.11"]
[Round "8"]
[White "Charkrubian, Tigran"]
[Black "Ativanov, Petr"]
[Result "1-0"]
[WhiteElo "1880"]
[BlackElo "1557"]
[PlyCount "85"]
[EventDate "2017.01.04"]
[EventType "swiss"]
[EventRounds "9"]
[EventCountry "RUS"]
[SourceTitle "CBM 176 Extra"]
[Source "ChessBase"]
[SourceDate "2017.03.02"]
[SourceVersion "1"]
[SourceVersionDate "2017.03.02"]
[SourceQuality "1"]

1. d4 Nf6 2. e3 e6 3. Bd3 d5 4. Nf3 c5 5. c3 c4 6. Bc2 b5 7. Nbd2 a5 8. a3 Be7 9. 0-0 0-0 10. e4 Bb7 11. e5 Ne8 12. Re1 Nc6 13. Nf1 b4 14. Ng3 b3 15. Bb1 a4 16. Qd2 Bc8 17. Nh5 g6 18. Ng3 f6 19. exf6 Bxf6 20. Qe2 Ra7 21. Bh6 Rff7 22. Be3 Ng7 23. Ne5 Bxe5 24. dxe5 Rab7 25. Bh6 Qh4 26. Qd2 Qd8 27. h4 d4 28. Be4 Rbc7 29. Bxc6 Rxc6 30. Bg5 Qd5 31. cxd4 Bb7 32. Ne4 Rc8 33. f3 Rcf8 34. Nf6+ Rxf6 35. exf6 Nf5 36. Re5 Qxd4+ 37. Qxd4 Nxd4 38. Rd1 Nc2 39. Rxe6 Rc8 40. Re7 Bc6 41. Rg7+ Kh8 42. Rc7 Rb8 43. Rxc6 1-0

[Event "Gelendzhik op 13th"]
[Site "Gelendzhik"]
[Date "2017.01.08"]
[Round "5"]
[White "Rolgeizer, Martin"]
[Black "Charkrubian, Tigran"]
[Result "0-1"]
[WhiteElo "1718"]
[BlackElo "1880"]
[PlyCount "126"]
[EventDate "2017.01.04"]
[EventType "swiss"]
[EventRounds "9"]
[EventCountry "RUS"]
[SourceTitle "CBM 176 Extra"]
[Source "ChessBase"]
[SourceDate "2017.03.02"]
[SourceVersion "1"]
[SourceVersionDate "2017.03.02"]
[SourceQuality "1"]

1. d4 Nf6 2. Bf4 d5 3. e3 e6 4. Nf3 Bd6 5. Ne5 0-0 6. Nd2 c5 7. c3 b6 8. a4 Ba6 9. Bb5 Qc7 10. Bg3 Bb7 11. Bd3 Ba6 12. Bb5 c4 13. Bxa6 Nxa6 14. f4 Nb8 15. Bf2 Nfd7 16. Qh5 Nf6 17. Qh3 Nbd7 18. g4 Rab8 19. g5 Ne4 20. Nxe4 dxe4 21. Rg1 Bxe5 22. fxe5 b5 23. Rg4 Rfc8 24. Kf1 bxa4 25. Rf4 Rxb2 26. g6 hxg6 27. Rh4 Kf8 28. Rxa4 Qb7 29. Rh8+ Ke7 30. Qh4+ f6 31. exf6+ Nxf6 32. Rxc8 Qxc8 33. Rxa7+ Rb7 34. Rxb7+ Qxb7 35. Qg3 Kf7 36. Qd6 Qb3 37. Qc7+ Kg8 38. Qc8+ Kh7 39. Be1 Qd1 40. Qxc4 Qf3+ 41. Bf2 Ng4 42. Qe2 Nxh2+ 43. Ke1 Qh1+ 44. Kd2 Qb1 45. Qd1 Qd3+ 46. Kc1 Qxc3+ 47. Qc2 Qxc2+ 48. Kxc2 Ng4 49. Bg3 Nxe3+ 50. Kc3 g5 51. Be5 Nf5 52. Kd2 g6 53. Ke2 Kh6 54. Kf2 Kh5 55. Kg2 g4 56. Bf6 g5 57. Be5 Kh4 58. Bf6 g3 59. Be5 Ne3+ 60. Kg1 Kh3 61. Bc7 Nf5 62. Be5 Nh4 63. Bxg3 Kxg3 0-1

[Event "Gelendzhik op 13th"]
[Site "Gelendzhik"]
[Date "2017.01.05"]
[Round "2"]
[White "Rolgeizer, Rikhard"]
[Black "Charkrubian, Tigran"]
[Result "0-1"]
[WhiteElo "1501"]
[BlackElo "1880"]
[PlyCount "118"]
[EventDate "2017.01.04"]
[EventType "swiss"]
[EventRounds "9"]
[EventCountry "RUS"]
[SourceTitle "CBM 176 Extra"]
[Source "ChessBase"]
[SourceDate "2017.03.02"]
[SourceVersion "1"]
[SourceVersionDate "2017.03.02"]
[SourceQuality "1"]

1. e4 d5 2. exd5 Qxd5 3. Nc3 Qd8 4. Nf3 Nf6 5. Be2 e6 6. 0-0 Bd6 7. d4 0-0 8. Bg5 h6 9. Bxf6 Qxf6 10. Ne4 Qd8 11. Nxd6 Qxd6 12. c4 b6 13. Rc1 Ba6 14. Re1 Nd7 15. c5 Bxe2 16. Qxe2 bxc5 17. dxc5 Nxc5 18. Red1 Qe7 19. Qc4 Rfd8 20. Rxd8+ Rxd8 21. g3 Qf6 22. Qxc5 Qxf3 23. Qxc7 Rd1+ 24. Rxd1 Qxd1+ 25. Kg2 Qd5+ 26. Kg1 Qxa2 27. Qc8+ Kh7 28. Qc2+ f5 29. g4 Qd5 30. h3 a5 31. f4 Qd4+ 32. Qf2 Qd1+ 33. Kh2 fxg4 34. hxg4 Qxg4 35. Qc2+ Qf5 36. Qd2 e5 37. fxe5 Qxe5+ 38. Kg2 Qg5+ 39. Qxg5 hxg5 40. Kg3 Kh6 41. Kg4 g6 42. b3 Kh7 43. Kxg5 Kg7 44. Kg4 Kf6 45. Kf4 g5+ 46. Kg4 Kg6 47. Kg3 Kh5 48. Kh3 g4+ 49. Kg3 Kg5 50. Kg2 Kf4 51. Kf2 g3+ 52. Kg2 Kg4 53. Kg1 Kf3 54. Kf1 g2+ 55. Kg1 Kg3 56. b4 a4 57. b5 a3 58. b6 a2 59. b7 a1R# 0-1

[Event "Gelendzhik op 12th"]
[Site "Gelendzhik"]
[Date "2016.06.02"]
[Round "6"]
[White "Pshmahov, Osman"]
[Black "Charkrubian, Tigran"]
[Result "1-0"]
[WhiteElo "1861"]
[BlackElo "1757"]
[PlyCount "72"]
[EventDate "2016.05.28"]
[EventType "swiss"]
[EventRounds "9"]
[EventCountry "RUS"]
[SourceTitle "CBM 172 Extra"]
[Source "ChessBase"]
[SourceDate "2016.06.21"]
[SourceVersion "1"]
[SourceVersionDate "2016.06.21"]
[SourceQuality "1"]

1. e4 e6 2. d4 d5 3. exd5 exd5 4. c4 Nf6 5. Nc3 Bb4 6. Bg5 dxc4 7. Bxc4 0-0 8. Nge2 a6 9. 0-0 b5 10. Bb3 Bb7 11. Ng3 Nbd7 12. Nd5 Bd6 13. Ne4 Be7 14. Nxe7+ Qxe7 15. Ng3 h6 16. Re1 Qd6 17. Nf5 Qb6 18. Bf4 Rfe8 19. Rxe8+ Rxe8 20. Qc1 Be4 21. Bxc7 Qa7 22. Nd6 Rf8 23. Nxe4 Nxe4 24. Qf4 Ndf6 25. Be5 Rd8 26. Rc1 Qb6 27. Bc7 Qxd4 28. Bxd8 Qxd8 29. Qc7 Qd2 30. Qc8+ Kh7 31. Qc2 Qf4 32. f3 Qe3+ 33. Kh1 g6 34. fxe4 Ng4 35. Rf1 h5 36. h3 Ne5 1-0